Virginia Major & Minor Teams - Statistics

General Stats
  • This quiz has been taken 138 times
  • The average score is 10 of 20
Answer Stats
NCAA % Correct
Virginia Cavaliers
100%
Virginia Tech Hokies
87%
Richmond Spiders
80%
VCU Rams
73%
George Mason Patriots
67%
James Madison Dukes
60%
Liberty Flames
53%
Old Dominion Monarchs
53%
William & Mary Tribe
53%
Longwood Lancers
40%
Norfolk Tides
40%
Fredericksburg Nationals
33%
Norfolk State Spartans
33%
Richmond Flying Squirrels
33%
VMI Keydets
33%
Hampton Pirates
27%
Lynchburg Hillcats
27%
Norfolk Admirals
27%
Radford Highlanders
27%
Salem Red Sox
27%
No matching quizzes found
Score Distribution
Percent of People with Each Score
Percentile by Number Answered
Your Score History
You have not taken this quiz